Statistics for Every Rick Ross Song on the Billboard Hot 100

Click here to take the quiz!

General Stats

  • This quiz has been taken 42 times
    (12 since last reset)
  • The average score is 16 of 50

Answer Stats

#YearSong% Correct
542006Hustlin'
82%
102011I'm On One (DJ Khaled) ft. Drake & Lil Wayne
64%
392019Gold Roses ft. Drake
55%
72019Money In The Grave (Drake)
55%
172008The Boss ft. T-Pain
55%
862014The Devil Is A Lie ft. Jay-Z
55%
302011Aston Martin Music ft. Drake & Chrisette Michele
45%
712012Diced Pineapples ft. Wale & Drake
45%
512012Ima Boss (Meek Mill) ft. T.I., Birdman, Lil Wayne, DJ Khaled & Swizz Beatz
45%
182010Monster (Kanye West) ft. Jay-Z, Bon Iver & Nicki Minaj
45%
6120119 Piece ft. Lil Wayne or T.I.
36%
602010B.M.F. (Blowin' Money Fast) ft. Styles P
36%
412008Here I Am ft. Nelly & Avery Storm
36%
592006Holla At Me (DJ Khaled) ft. Lil Wayne, Paul Wall, Fat Joe, & Pitbull
36%
192007I'm So Hood (DJ Khaled) ft. T-Pain, Trick Daddy & Plies
36%
222011John (Lil Wayne)
36%
32021Lemon Pepper Freestyle (Drake)
36%
622009Magnificent ft. John Legend
36%
922009Maybach Music 2 ft. Kanye West, T-Pain & Lil Wayne
36%
372013No New Friends (SFTB Remix) (DJ Khaled) ft. Drake & Lil Wayne
36%
892010Rap Song (T-Pain)
36%
582012Take It To The Head (DJ Khaled) ft. Chris Brown, Nicki Minaj & Lil Wayne
36%
792011Welcome To My Hood (DJ Khaled) ft. Plies, Lil Wayne & T-Pain
36%
282007We Takin' Over (DJ Khaled) ft. T.I., Akon, Fat Joe, Lil Wayne & Birdman
36%
622012You The Boss ft. Nicki Minaj
36%
642012Bag Of Money (Wale) ft. Meek Mill & T-Pain
27%
272016Do You Mind (DJ Khaled) ft. Nicki Minaj, Chris Brown, August Alsina, Jeremih & Future
27%
782012I Wish You Would (DJ Khaled) ft. Kanye West
27%
462012Lemme See (Usher)
27%
382008Out Here Grindin (DJ Khaled) ft. Akon, Plies, Jeezy, Ace Hood, Trick Daddy & Lil' Boosie
27%
362012Pop That (French Montana) ft. Drake & Lil Wayne
27%
572006Push It
27%
782014Sanctified ft. Kanye West & Big Sean
27%
972015Sorry ft. Chris Brown
27%
1002010Super High ft. Ne-Yo
27%
492011That Way (Wale) ft. Jeremih
27%
972017Trap Trap Trap ft. Young Thug & Wale
27%
202013U.O.E.N.O. (Rocko) ft. Future
27%
242010All I Do Is Win (DJ Khaled) ft. T-Pain, Ludacris & Snoop Dogg
18%
332013Bugatti (Ace Hood) ft. Future
18%
682013Dope (Tyga)
18%
642013F*ckwithmeyouknowigotit (Jay-Z)
18%
272014New Flame (Chris Brown) ft. Usher
18%
332016Purple Lamborghini (Skrillex)
18%
582012Stay Schemin ft. Drake & French Montana
18%
582009Welcome To The World (Kevin Rudolf)
18%
812011Ambition (Wale) ft. Meek Mill
9%
882017On Everything (DJ Khaled) ft. Travis Scott & Big Sean
9%
902012Think Like A Man (Jennifer Hudson & Ne-Yo)
9%
202018What's Free (Meek Mill) ft. Jay-Z
9%

Score Distribution

Percentile by Number Answered

Percent of People with Each Score

Your Score History

You have not taken this quiz since the last reset